Балансовое обобщение финансовой позиции домохозяйства; Перспективы развития фундаментальных наук; Т. 5 : Экономика и управление

التفاصيل البيبلوغرافية
Parent link:Перспективы развития фундаментальных наук=Prospects of Fundamental Sciences Development: сборник научных трудов XIV Международной конференции студентов, аспирантов и молодых ученых, г. Томск, 25-28 апреля 2017 г./ Национальный исследовательский Томский политехнический университет (ТПУ) ; под ред. И. А. Курзиной, Г. А. Вороновой.— , 2017
Т. 5 : Экономика и управление.— 2017.— [С. 52-54]
المؤلف الرئيسي: Гарцуева Е. В.
مؤلفون آخرون: Земцов А. А. (научный руководитель)
الملخص:Заглавие с экрана
This research is devoted to the issues of financial planning in the sphere of personal finance using such instrument as an individual's balance assets and liabilities. The author examines the concepts of assets, liabilities and capital of households, as well as their approximate structure.
اللغة:الروسية
منشور في: 2017
الموضوعات:
الوصول للمادة أونلاين:http://earchive.tpu.ru/handle/11683/44905
التنسيق: MixedMaterials الكتروني فصل الكتاب
KOHA link:https://koha.lib.tpu.ru/cgi-bin/koha/opac-detail.pl?biblionumber=625150

MARC

LEADER 00000naa2a2200000 4500
001 625150
005 20231101133340.0
035 |a (RuTPU)RU\TPU\conf\24410 
035 |a RU\TPU\conf\24408 
090 |a 625150 
100 |a 20171207d2017 k y0rusy50 ca 
101 0 |a rus  |d eng 
102 |a RU 
105 |a y z 100zy 
135 |a drcn ---uucaa 
181 0 |a i  
182 0 |a b 
200 1 |a Балансовое обобщение финансовой позиции домохозяйства  |d Balance generalization of the household's financial position  |f Е. В. Гарцуева  |g науч. рук. А. А. Земцов 
203 |a Текст  |c электронный 
230 |a 1 компьютерный файл (pdf; 162 Kb) 
300 |a Заглавие с экрана 
320 |a [Библиогр.: с. 54 (5 назв.)] 
330 |a This research is devoted to the issues of financial planning in the sphere of personal finance using such instrument as an individual's balance assets and liabilities. The author examines the concepts of assets, liabilities and capital of households, as well as their approximate structure. 
461 1 |0 (RuTPU)RU\TPU\conf\21388  |t Перспективы развития фундаментальных наук  |l Prospects of Fundamental Sciences Development  |o сборник научных трудов XIV Международной конференции студентов, аспирантов и молодых ученых, г. Томск, 25-28 апреля 2017 г.  |o в 7 т.  |f Национальный исследовательский Томский политехнический университет (ТПУ) ; под ред. И. А. Курзиной, Г. А. Вороновой  |d 2017 
463 1 |0 (RuTPU)RU\TPU\conf\21395  |t Т. 5 : Экономика и управление  |v [С. 52-54]  |d 2017 
510 1 |a Balance generalization of the household's financial position  |z eng 
610 1 |a электронный ресурс 
610 1 |a финансовая грамотность 
610 1 |a домашние хозяйства 
610 1 |a контент 
610 1 |a стандарты 
610 1 |a домохозяйства 
700 1 |a Гарцуева  |b Е. В. 
702 1 |a Земцов  |b А. А.  |4 727 
801 2 |a RU  |b 63413507  |c 20171211  |g RCR 
856 4 |u http://earchive.tpu.ru/handle/11683/44905 
942 |c BK